The hollow tree / Philip Miller.
Available copies
- 2 of 2 copies available at LARL/NWRL Consortium.
- 2 of 2 copies available at Lake Agassiz Regional Library. (Show preferred library)
Current holds
0 current holds with 2 total copies.
Show All Copies
| Location | Call Number / Copy Notes | Barcode | Shelving Location | Status | Due Date |
|---|---|---|---|---|---|
| Moorhead Public Library | M MIL (Text) | 33500013982210 | Main | Available | - |
| Moorhead Public Library | M MIL (Text) | 33500013983937 | Main | Available | - |
Record details
- ISBN: 9781641295581
- ISBN: 1641295589
- Physical Description: 372 pages ; 22 cm.
- Publisher: New York, NY : Soho Crime, 2024.
- Copyright: ©2024
Content descriptions
| Summary, etc.: | "Intrepid investigative journalist Shona Sandison, ... Read More |
Search for related items by subject
| Subject: | Journalists > Fiction. Murder > Investigation > Fiction. |
| Genre: | Detective and mystery fiction. Novels. |
Search for related items by series
| LDR | 02613cam a22004938i 4500 | ||
|---|---|---|---|
| 001 | 432460 | ||
| 003 | LARL_NWRL_CONSORTIUM | ||
| 005 | 20240403164118.0 | ||
| 008 | 230703t20242024nyu e 000 f eng | ||
| 010 | . | ‡a 2023029775 | |
| 040 | . | ‡aDLC ‡beng ‡erda ‡cDLC ‡dBDX ‡dOCLCO ‡dOCLCF ‡dON8 ‡dJAS | |
| 020 | . | ‡a9781641295581 ‡q(hardcover) | |
| 020 | . | ‡a1641295589 ‡q(hardcover) | |
| 020 | . | ‡z9781641295598 ‡q(ebook) | |
| 035 | . | ‡a(OCoLC)1389609188 | |
| 042 | . | ‡apcc | |
| 082 | 0 | 0. | ‡a823/.92 ‡223/eng/20230703 |
| 100 | 1 | . | ‡aMiller, Philip, ‡d1973- ‡eauthor. |
| 245 | 1 | 4. | ‡aThe hollow tree / ‡cPhilip Miller. |
| 264 | 1. | ‡aNew York, NY : ‡bSoho Crime, ‡c2024. | |
| 264 | 4. | ‡c©2024 | |
| 300 | . | ‡a372 pages ; ‡c22 cm. | |
| 336 | . | ‡atext ‡btxt ‡2rdacontent | |
| 337 | . | ‡aunmediated ‡bn ‡2rdamedia | |
| 338 | . | ‡avolume ‡bnc ‡2rdacarrier | |
| 490 | 0 | . | ‡aShona Sandison investigation ; ‡v2 |
| 520 | . | ‡a"Intrepid investigative journalist Shona Sandison, gone freelance following the tragic events of The Goldenacre, is attending the wedding of her closest friend and former colleague, Vivienne. But the night before the wedding, Vivienne's reclusive old school friend, Dan, throws himself off a roof. Shona is the only witness to the suicide--and so the only person who saw the occult tattoos covering Dan's body, and heard the unsettling, mystical phrases he was uttering. Shona sets off on a conflicted quest to find out why Dan killed himself, the meaning of the strange messages, and what happened to Vivienne's missing brother twenty years prior. Despite knowing that investigating Viv's family will mean she could lose her friend forever, Shona travels to a small, forgotten town in the north of England to investigate a small group of classmates who have held a dark secret for decades."-- ‡cProvided by publisher. | |
| 650 | 0. | ‡aJournalists ‡vFiction. ‡0(LARL_NWRL_CONSORTIUM)165759 | |
| 650 | 0. | ‡aMurder ‡xInvestigation ‡vFiction. ‡0(LARL_NWRL_CONSORTIUM)166203 | |
| 655 | 7. | ‡aDetective and mystery fiction. ‡2lcgft | |
| 655 | 7. | ‡aNovels. ‡2lcgft | |
| 901 | . | ‡a432460 ‡bOCoLC ‡c432460 ‡tbiblio ‡soclc | |

Add to basket
Permalink
Disable Highlighting